000
00302nam a2200109Ia 4500
008
200302s9999 xx 000 0 und d
100
_a
Kheir AL- Kodmany
245
_a
Understanding tall buildings a Theory of placemaking
260
_b
Taylor and Francis Group Publishing
260
_c
2017
300
_a
254
999
_c
6554
_d
6554